000 00243nam a22001097a 4500
082 _a823
_bSTA/V
100 _aSTATE BARBARA
245 _aVERY BUSY BARBIE
246 _aVERY BUSY BARBIE
_bVERY BUSY BARBIE
650 _aENGLISH STORY
942 _cBK
999 _c8628
_d8628